000 00334nam a2200133Ia 4500
008 240624s9999 xx 000 0 und d
041 _aeng
082 _a381.4 HAN
100 _aHANSEN HENNING OTTE
245 _aFOOD ECONOMICS A MANAGERIAL APPROACH
260 _c2012
_aNew York
_bRoutledge
300 _a256 : p.
365 _cGBP
_b28
999 _c22133
_d22133